Revista Peruana de Biología (Registro nro. 17314)
[ vista simple ]
| 000 -CABECERA | |
|---|---|
| Campo de control | 00305as aa2200109a 44500 |
| 090 ## - CLASIFICACIÓN LOCAL | |
| Colección | SERIADAS |
| Consecutivo | 01552 |
| 041 0# - IDIOMA | |
| Código de idioma para texto/pista de sonido o título separado | |
| 245 10 - MENCION DE TITULO | |
| Título | Revista Peruana de Biología |
| 260 ## - PUBLICACION, DISTRIBUCION, ETC. (PIE DE IMPRENTA) | |
| Nombre del editor, distribuidor, etc. | Universidad Nacional Mayor de San Marcos, Facultad de Ciencias Biológicas |
| Lugar de publicación, distribución, etc. | Perú |
| 942 ## - ELEMENTOS ADICIONALES (KOHA) | |
| Tipo de ítem | Periodica o revista |
| Withdrawn status | Lost status | Damaged status | No para préstamo | Colección | Fecha publicación (Año) | Volumen revista | Número revista | Inventariado | Ubicación Permanente | Ubicación actual | Fecha de adquisición | Fuente de Valor | Total Checkouts | Número topográfico | Inventario / Código de Barras | Date last seen | Ejemplar | Price effective from | Forma de adquisición | Tipo de material |
|---|---|---|---|---|---|---|---|---|---|---|---|---|---|---|---|---|---|---|---|---|
| Hemeroteca | 2004 | 11 | 2 | Inventariado 2017 | Villa de Leyva | Villa de Leyva | 14/06/2005 | Díaz, Juan Manuel | SERIADAS 01552 | 019085 | 25/03/2015 | 1 | 25/03/2015 | Periodica o revista | ||||||
| Hemeroteca | 2004 | 11 | 1 | Inventariado 2017 | Villa de Leyva | Villa de Leyva | 14/06/2005 | Díaz, Juan Manuel | SERIADAS 01552 | 019084 | 25/03/2015 | 1 | 25/03/2015 | Periodica o revista | ||||||
| Hemeroteca | 2003 | 10 | 2 | Inventariado 2017 | Villa de Leyva | Villa de Leyva | 14/06/2005 | Díaz, Juan Manuel | SERIADAS 01552 | 019086 | 25/03/2015 | 1 | 25/03/2015 | Periodica o revista |